| 000 | 00896cab a2200229 4500 | ||
|---|---|---|---|
| 001 | X95884 | ||
| 008 | 090401t1999 xxu||||| |||| 00| 0 eng d | ||
| 035 | _a(Sirsi) u90513 | ||
| 041 | _aeng | ||
| 245 | _aR v Breckland DC, ex parte Budgens Stores Ltd | ||
| 260 | _c1999 | ||
| 350 | _a0 | ||
| 490 |
_aJournal of Planning and Environment Law _v[1999] JPL 85-89(5) |
||
| 520 | _aQBD 8 April 1998. Application for leave - judicial review of a grant of planning permission - whether application made promptly - intention of the Council known to the applicant before resolutions made - application for leave refused. Headnote fron journal. | ||
| 650 | _aAPPLICATION FOR JUDICIAL REVIEW | ||
| 650 | _aPLANNING PERMISSION | ||
| 650 | _aR V BRECKLAND DC EX P BUDGENS STORES LTD | ||
| 650 | _aSUPERMARKETS | ||
| 690 | _aPLANNING LAW AND PRACTICE-CASE LAW | ||
| 942 | _n0 | ||
| 948 | _c05/01/1999 | ||
| 999 |
_c57393 _d57393 |
||